Villes françaises et régions (lettre R) - Statistiques

Statistiques générales
  • Ce quiz a été pris 25 fois
  • Le résultat moyen est 16 sur 25
Statistiques - réponses
Hint Réponse % Correct
Romans-sur-Isère Auvergne-Rhône-Alpes
92%
Reims Grand Est
92%
Rambouillet Île-de-France
92%
Roissy-en-France Île-de-France
92%
Rouen Normandie
92%
Rodez Occitanie
92%
Rennes Bretagne
88%
Roubaix Hauts-de-France
88%
Rueil-Malmaison Île-de-France
83%
Rochefort Nouvelle-Aquitaine
79%
Roquebrune-Cap-Martin Provence-Alpes-Côte-d'Azur
79%
Rillieux-la-Pape Auvergne-Rhône-Alpes
71%
Roanne Auvergne-Rhône-Alpes
71%
Redon Bretagne
63%
Ribeauvillé Grand Est
63%
Romorantin-Lanthenay Centre-Val-de-Loire
58%
Rethel Grand Est
58%
Remiremont Grand Est
46%
Rezé Pays de la Loire
42%
Roquefort-sur-Soulzon Occitanie
38%
Risoul Provence-Alpes-Côte-d'Azur
38%
Ronchamp Bourgogne-Franche-Comté
29%
Ruffec Nouvelle-Aquitaine
29%
Richelieu Centre-Val-de-Loire
25%
Roye Hauts-de-France
25%
Aucun quiz correspondant
Distribution des résultats
% des personnes avec chaque résultat
Percentile par nombre de réponses
Votre historique - résultats
Vous n’avez pas pris ce quiz